书目信息 |
| 题名: |
舞蹈表演心理学
|
|
| 作者: | ||
| 分册: | ||
| 出版信息: | 上海 上海音乐出版社 2013.02 |
|
| 页数: | 385页 | |
| 开本: | 24cm | |
| 丛书名: | ||
| 单 册: | ||
| 中图分类: | J70-05 | |
| 科图分类: | ||
| 主题词: | 舞蹈艺术--艺术理论 | |
| 电子资源: | ||
| ISBN: | 978-7-5523-0101-4 | |
| 000 | 00505nam0 2200169 450 | |
| 001 | 202410164044293011 | |
| 005 | 20241022154404.19 | |
| 010 | @a978-7-5523-0101-4@dCNY58.00 | |
| 100 | @a20241016d km y0chiy0120 ea | |
| 101 | 0 | @achi |
| 200 | 1 | @a舞蹈表演心理学@AWu Dao Biao Yan Xin Li Xue |
| 210 | @a上海@c上海音乐出版社@d2013.02 | |
| 215 | @a385页@d24cm | |
| 606 | 0 | @a舞蹈艺术@x艺术理论 |
| 690 | @aJ70-05@v4 | |
| 801 | 0 | @aCN@b大连网信软件有限公司图书馆·11@c20241022 |
| 905 | @aZUCC@b1058793@dJ70-05@e377@f1 | |
| 舞蹈表演心理学.-上海:上海音乐出版社,2013.02 |
| 385页;24cm |
| ISBN 978-7-5523-0101-4:CNY58.00 |
| ● |
| 相关链接 |
|
|
|
|
正题名:舞蹈表演心理学
索取号:J70-05/377
 
预约/预借
| 序号 | 登录号 | 条形码 | 馆藏地/架位号 | 状态 | 备注 |
| 1 | 1058793 | 210587934 | 密集书库-音乐系/ [索取号:J70-05/377] | 在馆 |